000 00471nam a22001697a 4500
005 20251108164347.0
008 250721s1978 xx 000 0 ara d
082 1 4 _a811.009/شوق
100 1 _aضيف، شوقي
245 1 0 _aالفن و مذاهبه في الشعر العربي /
250 _aط10.
264 1 _aالقاهرة :
_bدار المعارف،
_c1978.
300 _a523 ص
650 1 7 _aالشعر العربي
942 _2ddc
_cBK
999 _c10269
_d10269